Statistics for Every Irish player in Rugby World Cup 2023

Click here to take the quiz!

General Stats

  • This quiz has been taken 19 times
  • The average score is 23 of 33

Answer Stats

CapsPositionClub/provinceAnswer% Correct
113Fly-halfLeinsterJohnny Sexton
100%
54PropLeinsterAndrew Porter
94%
21WingLeinsterJames Lowe
94%
26Scrum-halfLeinsterJamison Gibson-Park
94%
47CentreConnachtBundee Aki
88%
18HookerLeinsterDan Sheehan
88%
51CentreLeinsterGarry Ringrose
88%
31FullbackLeinsterHugo Keenan
88%
96Back rowMunsterPeter O'Mahony
88%
106Scrum-halfMunsterConor Murray
82%
55LockLeinsterJames Ryan
82%
64CentreLeinsterRobbie Henshaw
82%
67PropLeinsterTadhg Furlong
82%
21Fly-halfLeinsterRoss Byrne
76%
31Back rowLeinsterCaelan Doris
71%
12Scrum-halfMunsterCraig Casey
71%
32PropConnachtFinlay Bealham
71%
6Fly-halfMunsterJack Crowley
71%
3LockLeinsterJoe McCarthy
71%
52Back rowLeinsterJosh van der Flier
71%
100WingMunsterKeith Earls
71%
16WingConnachtMack Hansen
71%
41LockMunsterTadhg Beirne
71%
74LockUlsterIain Henderson
65%
39Back rowLeinsterJack Conan
65%
21HookerLeinsterRо́nan Kelleher
65%
13CentreUlsterStuart McCloskey
53%
11PropUlsterTom O'Toole
53%
6FullbackLeinsterJimmy O'Brien
47%
37HookerUlsterRob Herring
47%
13LockLeinsterRyan Baird
47%
3PropMunsterJeremy Loughman
24%
52PropMunsterDave Kilcoyne
18%

Score Distribution

Percentile by Number Answered

Percent of People with Each Score

Your Score History

You have not taken this quiz